Normal view
MARC view
- Creative ability in business
Entry Topical Term
001 - CONTROL NUMBER
- control field: 37582
003 - CONTROL NUMBER IDENTIFIER
- control field: OSt
005 - DATE AND TIME OF LATEST TRANSACTION
- control field: 20150404132034.0
008 - FIXED-LENGTH DATA ELEMENTS
- fixed length control field: 150404|| aca||babn | a|a d
040 ## - CATALOGING SOURCE
- Original cataloging agency: OSt
150 ## - HEADING--TOPICAL TERM
- Topical term or geographic name as entry element: Creative ability in business
450 ## - SEE FROM TRACING--TOPICAL TERM
- Topical term or geographic name entry element: Business creativity
550 ## - SEE ALSO FROM TRACING--TOPICAL TERM
- Topical term or geographic name entry element: Business
550 ## - SEE ALSO FROM TRACING--TOPICAL TERM
- Topical term or geographic name entry element: Success in business